000 00454cam a2200193ua 4500
001 6979
005 20260515114134.0
008 141118n ii |||gr||||Z||||||asm
040 _cMAIN
041 _aasm
082 _a320
100 _aGogoi, Purandar,
_eAuthor.
245 1 _aWestern political thought
_cBy Purandar Gogoi
250 _a1st.
260 _aDibrugarh:
_bBanalata,
_c2011.
300 _a214p.
653 _aPolitical theory
942 _cBK
999 _c6115
_d6115